Estatísticas para Maiores Campeões da UEFA Champions League

Clique aqui para jogar o quiz

Estatísticas Gerais

  • Esse quiz foi jogado 45 vezes
  • A pontuação média é 16 de 23

Estatísticas das Respostas

N° de títulosCampeão% Correto
7Milan
100%
14Real Madrid
100%
5Barcelona
98%
6Liverpool
98%
3Manchester United
95%
1Manchester City
88%
3Internazionale
85%
2Juventus
83%
4Ajax
80%
2Porto
80%
2Benfica
75%
2Chelsea
75%
6Bayern de Munique
70%
1Estrela Vermelha
65%
1Aston Villa
60%
2Nottingham Forest
55%
1Borussia Dortmund
53%
1PSV Eindhoven
50%
1Celtic
45%
1Olympique de Marseille
43%
1Feyenoord
40%
1Hamburgo
30%
1Steaua București
28%

Distribuição das Pontuações

Percentil de Números Respondidos

Porcentagem de Pessoas com Cada Pontuação

Sua Pontuação Histórica

Você não jogou esse quiz